[Event "WchT Seniors 65"]
[Site "Rhodes"]
[Date "2019.04.24"]
[Round "9.4"]
[White "Blechzin, Igor"]
[Black "Snape, Ian L"]
[Result "1/2-1/2"]
[WhiteElo "2210"]
[BlackElo "2154"]
[PlyCount "64"]
[EventDate "2019.04.16"]
[EventType "team-swiss"]
[EventRounds "9"]
[EventCountry "GRE"]
[SourceTitle "CBM 190 Extra"]
[Source "ChessBase"]
[SourceDate "2019.07.15"]
[SourceVersion "1"]
[SourceVersionDate "2019.07.15"]
[SourceQuality "1"]
[WhiteTeam "Saint Petersburg"]
[BlackTeam "England"]
[WhiteTeamCountry "RUS"]
[BlackTeamCountry "ENG"]

1. c4 Nf6 2. Nc3 g6 3. g3 Bg7 4. d4 0-0 5. Bg2 d6 6. Nf3 Nc6 7. d5 Na5 8. Nd2 c6 9. 0-0 cxd5 10. cxd5 Bd7 11. Nf3 b5 12. a3 Rc8 13. Nd4 Qb6 14. h3 e5 15. dxe6 fxe6 16. Nb3 Nc4 17. Nd2 d5 18. a4 a6 19. axb5 axb5 20. Qb3 Kh8 21. Nxc4 Rxc4 22. Bd2 Nh5 23. e3 Nf6 24. Ne2 Ne4 25. Bb4 Rfc8 26. Rad1 Qa6 27. Bxe4 Rxe4 28. Bc3 Rec4 29. Bxg7+ Kxg7 30. Ra1 Ra4 31. Rac1 Rac4 32. Ra1 Ra4 1/2-1/2

[Event "Sitges Sunway op-A 5th"]
[Site "Sitges"]
[Date "2018.12.16"]
[Round "3"]
[White "Blechzin, Igor"]
[Black "Gluckman, Paul"]
[Result "1/2-1/2"]
[WhiteElo "2237"]
[BlackElo "1889"]
[PlyCount "75"]
[EventDate "2018.12.14"]
[EventType "swiss"]
[EventRounds "10"]
[EventCountry "ESP"]
[SourceTitle "CBM 187 Extra"]
[Source "ChessBase"]
[SourceDate "2018.11.04"]
[SourceVersion "1"]
[SourceVersionDate "2018.11.04"]
[SourceQuality "1"]

1. Nf3 Nf6 2. c4 g6 3. d4 Bg7 4. g3 c6 5. Bg2 0-0 6. 0-0 d5 7. Nbd2 Nbd7 8. Qc2 Nb6 9. b3 Bf5 10. Qd1 Ne4 11. Bb2 a5 12. cxd5 cxd5 13. Ne5 a4 14. Nxe4 Bxe4 15. Bh3 Qd6 16. Qd2 Bf5 17. Bxf5 gxf5 18. Bc3 Rfc8 19. Rac1 Bh6 20. e3 Nd7 21. Bb4 Nxe5 22. dxe5 Qxe5 23. bxa4 Rxc1 24. Rxc1 d4 25. Rc5 dxe3 26. Rxe5 exd2 27. Rd5 e6 28. Rd7 Rxa4 29. Bxd2 Bxd2 30. Rxd2 Rc4 31. Rb2 Rc7 32. Kg2 Kf8 33. Kf3 Ke7 34. Rb6 Kf6 35. a4 Ke5 36. h3 Kd5 37. g4 Ke5 38. Rb5+ 1/2-1/2

[Event "RUS-chT Seniors"]
[Site "Sochi"]
[Date "2018.05.01"]
[Round "1.3"]
[White "Merkushev, Vasily"]
[Black "Blechzin, Igor"]
[Result "0-1"]
[WhiteElo "2154"]
[BlackElo "2251"]
[PlyCount "132"]
[EventDate "2018.05.01"]
[EventType "team-tourn"]
[EventRounds "10"]
[EventCountry "RUS"]
[SourceTitle "EXT 2019"]
[Source "ChessBase"]
[SourceDate "2018.10.10"]
[SourceVersion "1"]
[SourceVersionDate "2018.10.10"]
[SourceQuality "1"]
[WhiteTeam "Sochi Center"]
[BlackTeam "St Petersburg Bronze Horseman"]
[WhiteTeamCountry "RUS"]
[BlackTeamCountry "RUS"]

1. c4 e5 2. Nc3 Nf6 3. g3 Bb4 4. Qb3 Nc6 5. e3 0-0 6. Bg2 a5 7. Nge2 d6 8. a3 Bc5 9. 0-0 Bd7 10. h3 e4 11. Kh2 Re8 12. f3 exf3 13. Rxf3 Ne5 14. Rf1 a4 15. Qc2 Nxc4 16. Nd5 Na5 17. Nxf6+ gxf6 18. d4 Bb6 19. Nf4 Nb3 20. Rb1 Bb5 21. Qf5 Bxf1 22. Bxf1 Ra5 23. d5 Re5 24. Qg4+ Kf8 25. e4 Rc5 26. Nd3 Rc2+ 27. Bg2 Nxc1 28. Rxc1 Rxc1 29. Nxc1 f5 30. exf5 Qf6 31. Nd3 Rxf5 32. Qxa4 Qd4 33. Qxd4 Bxd4 34. g4 Rg5 35. Kg3 Ke7 36. Be4 h6 37. b4 Rg8 38. a4 h5 39. a5 hxg4 40. hxg4 Ra8 41. Ne1 Bc3 42. Nc2 Kf6 43. Kf4 Bd2+ 44. Kg3 Ke5 45. Bf3 Rg8 46. Kf2 Rh8 47. Ke2 Rh2+ 48. Kd3 Rh3 49. Kxd2 Rxf3 50. Ne3 Kd4 51. Nf5+ Kc4 52. Ke2 Rf4 53. Nh6 Kxd5 54. b5 Kc5 55. a6 bxa6 56. bxa6 Kb6 57. Ke3 Rf1 58. Ke2 Rf6 59. g5 Rg6 60. Nxf7 Rg7 61. Nd8 Rxg5 62. Kd3 Kxa6 63. Ne6 Rg3+ 64. Kc4 Kb6 65. Kd5 Re3 66. Nd4 Rd3 0-1

[Event "Bodensee Seniors op 3rd"]
[Site "Bregenz"]
[Date "2017.05.27"]
[Round "8"]
[White "Blechzin, Igor"]
[Black "Vilerte, Tamara"]
[Result "1/2-1/2"]
[WhiteElo "2260"]
[BlackElo "1994"]
[PlyCount "24"]
[EventDate "2017.05.20"]
[EventType "swiss"]
[EventRounds "9"]
[EventCountry "AUT"]
[SourceTitle "CBM 178 Extra"]
[Source "ChessBase"]
[SourceDate "2017.06.22"]
[SourceVersion "1"]
[SourceVersionDate "2017.06.22"]
[SourceQuality "1"]

1. d4 d5 2. Nf3 Nf6 3. c4 e6 4. g3 Be7 5. Bg2 0-0 6. 0-0 c6 7. Qc2 Nbd7 8. Nbd2 h6 9. e4 dxe4 10. Nxe4 Nxe4 11. Qxe4 Nf6 12. Qe2 c5 1/2-1/2

[Event "Bodensee Seniors op 3rd"]
[Site "Bregenz"]
[Date "2017.05.21"]
[Round "2"]
[White "Blechzin, Igor"]
[Black "Ciuro Munoz, Ricardo"]
[Result "1/2-1/2"]
[WhiteElo "2260"]
[BlackElo "2007"]
[PlyCount "55"]
[EventDate "2017.05.20"]
[EventType "swiss"]
[EventRounds "9"]
[EventCountry "AUT"]
[SourceTitle "CBM 178 Extra"]
[Source "ChessBase"]
[SourceDate "2017.06.22"]
[SourceVersion "1"]
[SourceVersionDate "2017.06.22"]
[SourceQuality "1"]

1. Nf3 Nf6 2. c4 c5 3. g3 d5 4. Bg2 Nc6 5. 0-0 e5 6. cxd5 Nxd5 7. Nc3 Nc7 8. Qa4 Bd6 9. Ne4 0-0 10. Nxd6 Qxd6 11. d3 Bd7 12. Qd1 Rad8 13. Nd2 b6 14. Nc4 Qe6 15. f4 exf4 16. gxf4 b5 17. f5 Qf6 18. Nd2 c4 19. Ne4 Qd4+ 20. Kh1 cxd3 21. Qxd3 Qxd3 22. exd3 f6 23. Bf4 Nd5 24. Bd6 Rfe8 25. Rfc1 Ne5 26. Nc5 Ne3 27. Bxe5 Rxe5 28. d4 1/2-1/2

[Event "RUS-chT Seniors"]
[Site "Sochi"]
[Date "2017.05.04"]
[Round "4.1"]
[White "Karimov, Rashid"]
[Black "Blechzin, Igor"]
[Result "0-1"]
[WhiteElo "2156"]
[BlackElo "2260"]
[PlyCount "91"]
[EventDate "2017.05.01"]
[EventType "team-tourn"]
[EventRounds "10"]
[EventCountry "RUS"]
[SourceTitle "CBM 178 Extra"]
[Source "ChessBase"]
[SourceDate "2017.06.22"]
[SourceVersion "1"]
[SourceVersionDate "2017.06.22"]
[SourceQuality "1"]

1. c4 Nf6 2. Nc3 g6 3. e4 d6 4. d4 Bg7 5. f3 0-0 6. Be3 Na6 7. Bd3 c5 8. Nge2 Nb4 9. 0-0 cxd4 10. Nxd4 Nc6 11. Qd2 Nd7 12. Be2 Nc5 13. Rac1 Ne6 14. Nxc6 bxc6 15. b4 c5 16. b5 Nd4 17. Bd3 a6 18. Rfd1 Be6 19. Rb1 axb5 20. Nxb5 Nxb5 21. Rxb5 Ra4 22. Rc1 Qd7 23. Bb1 Qc6 24. Bd3 Rfa8 25. Rc2 Ra3 26. h3 Qa6 27. Kh2 h5 28. f4 Bd7 29. Rb3 Ra5 30. Rb1 Ba4 31. Rcb2 Bxb2 32. Rxb2 Bd7 33. f5 Rxa2 34. fxg6 Rxb2 35. gxf7+ Kxf7 36. Qxb2 Qa1 37. Qf2+ Qf6 38. Qd2 Rg8 39. Be2 Qg6 40. Qd5+ Kf8 41. Bf3 Bxh3 42. Qxh5 Qg3+ 43. Kg1 Qe1+ 44. Kh2 Qxe3 45. Qxh3 Qf4+ 46. Kg1 0-1

[Event "Kaunas Butnorius 70 op"]
[Site "Kaunas"]
[Date "2016.08.05"]
[Round "7"]
[White "Blechzin, Igor"]
[Black "Arulis, Algimantas I"]
[Result "1-0"]
[WhiteElo "2336"]
[BlackElo "2090"]
[PlyCount "85"]
[EventDate "2016.08.01"]
[EventType "swiss"]
[EventRounds "9"]
[EventCountry "LTU"]
[SourceTitle "CBM 173 Extra"]
[Source "ChessBase"]
[SourceDate "2016.08.29"]
[SourceVersion "1"]
[SourceVersionDate "2016.08.29"]
[SourceQuality "1"]

1. Nf3 f5 2. g3 Nf6 3. Bg2 d6 4. d4 g6 5. 0-0 Bg7 6. c4 0-0 7. Nc3 Qe8 8. d5 Na6 9. Nd4 Nc5 10. b4 Nfe4 11. Ncb5 Na6 12. f3 Nf6 13. Rb1 c6 14. Nc3 c5 15. bxc5 Nxc5 16. Be3 Nh5 17. Qd2 Qf7 18. Nb3 f4 19. Bxc5 dxc5 20. g4 Nf6 21. Nxc5 b6 22. N5e4 Ne8 23. Nb5 Bd7 24. a4 Rc8 25. Rfc1 Bxb5 26. cxb5 Nd6 27. Ng5 Qf6 28. Ne6 Rfe8 29. Rc6 Nc4 30. Qxf4 Qxf4 31. Nxf4 Bd4+ 32. Kh1 Ne3 33. Ne6 Be5 34. f4 Bd6 35. h3 h5 36. Rb3 Nxg2 37. Kxg2 hxg4 38. hxg4 Kf7 39. e4 Rh8 40. e5 Bb8 41. Ng5+ Kg7 42. Rh3 Rxh3 43. Rxc8 1-0

[Event "WchT Seniors 65"]
[Site "Radebeul"]
[Date "2016.07.04"]
[Round "9.2"]
[White "Sollid, Stein"]
[Black "Blechzin, Igor"]
[Result "0-1"]
[WhiteElo "2014"]
[BlackElo "2349"]
[PlyCount "96"]
[EventDate "2016.06.26"]
[EventType "team-swiss"]
[EventRounds "9"]
[EventCountry "GER"]
[SourceTitle "CBM 173 Extra"]
[Source "ChessBase"]
[SourceDate "2016.08.29"]
[SourceVersion "1"]
[SourceVersionDate "2016.08.29"]
[SourceQuality "1"]
[WhiteTeam "Norway"]
[BlackTeam "St Petersburg"]
[WhiteTeamCountry "NOR"]
[BlackTeamCountry "RUS"]

1. e4 c5 2. Nf3 Nc6 3. d4 cxd4 4. Nxd4 g6 5. Nc3 Bg7 6. Be3 Nf6 7. Bc4 d6 8. h3 Bd7 9. 0-0 0-0 10. Bb3 Rc8 11. f4 Nh5 12. Nde2 Nf6 13. Ng3 Qc7 14. f5 Ne5 15. Qd2 Nc4 16. Bxc4 Qxc4 17. Bh6 b5 18. Bxg7 Kxg7 19. Rf2 Rc5 20. Re1 Re5 21. Rf4 g5 22. Rf2 h6 23. Rfe2 b4 24. Nd1 a5 25. Nf2 Bb5 26. b3 Qc5 27. Re3 Rc8 28. Nd3 Bxd3 29. cxd3 Qc2 30. Qxc2 Rxc2 31. d4 Rb5 32. R1e2 Rc7 33. e5 dxe5 34. dxe5 Nd5 35. Nh5+ Kh7 36. Rf3 Nc3 37. Ree3 Nd5 38. Re2 Rc3 39. Rff2 Ne3 40. g4 Rxe5 41. f6 e6 42. Rd2 Rd5 43. Rfe2 Kg6 44. Kf2 Rxd2 45. Rxd2 Nd5 46. Ng3 Nxf6 47. Re2 Nd5 48. Nh5 Rxh3 0-1

[Event "WchT Seniors 65"]
[Site "Radebeul"]
[Date "2016.07.02"]
[Round "7.2"]
[White "Blechzin, Igor"]
[Black "Farrand, Julian"]
[Result "1-0"]
[WhiteElo "2349"]
[BlackElo "2048"]
[PlyCount "49"]
[EventDate "2016.06.26"]
[EventType "team-swiss"]
[EventRounds "9"]
[EventCountry "GER"]
[SourceTitle "CBM 173 Extra"]
[Source "ChessBase"]
[SourceDate "2016.08.29"]
[SourceVersion "1"]
[SourceVersionDate "2016.08.29"]
[SourceQuality "1"]
[WhiteTeam "St Petersburg"]
[BlackTeam "England"]
[WhiteTeamCountry "RUS"]
[BlackTeamCountry "ENG"]

1. Nf3 d6 2. d4 f5 3. g3 Nf6 4. Bg2 g6 5. 0-0 Bg7 6. c4 0-0 7. Nc3 Nc6 8. d5 Ne5 9. Nxe5 dxe5 10. c5 e6 11. e4 fxe4 12. d6 cxd6 13. cxd6 Bd7 14. Bg5 Qb6 15. Bxf6 Bxf6 16. Nxe4 Rac8 17. b4 Bg7 18. Nc5 Rxc5 19. bxc5 Qxc5 20. Rc1 Qb6 21. Qb3 Bb5 22. Qxe6+ Kh8 23. Rc8 Bxf1 24. Rxf8+ Bxf8 25. Qxe5+ 1-0

[Event "WchT Seniors 65"]
[Site "Radebeul"]
[Date "2016.06.29"]
[Round "4.4"]
[White "Pushkov, Nikolai"]
[Black "Blechzin, Igor"]
[Result "1-0"]
[WhiteElo "2315"]
[BlackElo "2349"]
[PlyCount "77"]
[EventDate "2016.06.26"]
[EventType "team-swiss"]
[EventRounds "9"]
[EventCountry "GER"]
[SourceTitle "CBM 173 Extra"]
[Source "ChessBase"]
[SourceDate "2016.08.29"]
[SourceVersion "1"]
[SourceVersionDate "2016.08.29"]
[SourceQuality "1"]
[WhiteTeam "Russia 65+"]
[BlackTeam "St Petersburg"]
[WhiteTeamCountry "RUS"]
[BlackTeamCountry "RUS"]

1. Nf3 c5 2. c4 Nf6 3. Nc3 e6 4. e3 d5 5. cxd5 Nxd5 6. d4 Nc6 7. Bc4 cxd4 8. exd4 Bb4 9. Qd3 0-0 10. 0-0 Be7 11. a3 Nxc3 12. bxc3 Bf6 13. Re1 Bd7 14. Qe4 Qa5 15. Rb1 b6 16. Rb5 Qa4 17. Bd3 g6 18. Bh6 Qxa3 19. Bxf8 Rxf8 20. Rbb1 Rc8 21. Qf4 Bg7 22. Ng5 Nd8 23. Ne4 f5 24. Ra1 Qe7 25. Ba6 e5 26. Qg5 Qxg5 27. Nxg5 Rxc3 28. dxe5 Ne6 29. Rad1 Nxg5 30. Rxd7 Ne6 31. Bb7 Rc5 32. Bd5 Rxd5 33. Rxd5 Bf8 34. Rd7 a5 35. Rd6 Kf7 36. Rxb6 a4 37. Rb7+ Kg8 38. Ra7 a3 39. Rc1 1-0

[Event "WchT Seniors 65"]
[Site "Radebeul"]
[Date "2016.06.27"]
[Round "2.4"]
[White "Petzold, Hans"]
[Black "Blechzin, Igor"]
[Result "0-1"]
[WhiteElo "2092"]
[BlackElo "2349"]
[PlyCount "74"]
[EventDate "2016.06.26"]
[EventType "team-swiss"]
[EventRounds "9"]
[EventCountry "GER"]
[SourceTitle "CBM 173 Extra"]
[Source "ChessBase"]
[SourceDate "2016.08.29"]
[SourceVersion "1"]
[SourceVersionDate "2016.08.29"]
[SourceQuality "1"]
[WhiteTeam "Dresden TU"]
[BlackTeam "St Petersburg"]
[WhiteTeamCountry "GER"]
[BlackTeamCountry "RUS"]

1. e4 c5 2. Nc3 e6 3. f4 d5 4. Bb5+ Bd7 5. Bxd7+ Qxd7 6. Nf3 dxe4 7. Nxe4 Nc6 8. 0-0 Be7 9. d3 Nh6 10. a3 0-0 11. Kh1 Nf5 12. g4 Nfd4 13. Nxd4 Nxd4 14. Be3 f5 15. Bxd4 fxe4 16. Bc3 Qc6 17. Kg1 Rad8 18. Qe2 exd3 19. cxd3 Bf6 20. Rae1 Bxc3 21. bxc3 Rd6 22. Qa2 Kh8 23. Re3 b5 24. f5 c4 25. d4 exf5 26. gxf5 Rdf6 27. Qe2 h6 28. Re6 Rxe6 29. Qxe6 Qxe6 30. fxe6 Rxf1+ 31. Kxf1 Kg8 32. h4 g5 33. hxg5 hxg5 34. d5 a5 35. d6 Kf8 36. Ke2 g4 37. Ke3 g3 0-1

[Event "RUS-chT Seniors final"]
[Site "Sochi"]
[Date "2016.05.09"]
[Round "8.2"]
[White "Pushkov, Nikolai"]
[Black "Blechzin, Igor"]
[Result "1/2-1/2"]
[WhiteElo "2306"]
[BlackElo "2350"]
[PlyCount "22"]
[EventDate "2016.05.01"]
[EventType "team-tourn"]
[EventRounds "9"]
[EventCountry "RUS"]
[SourceTitle "EXT 2018"]
[Source "ChessBase"]
[SourceDate "2017.10.13"]
[SourceVersion "1"]
[SourceVersionDate "2017.10.13"]
[SourceQuality "1"]
[WhiteTeam "Belorechensk Univ"]
[BlackTeam "St Petersburg Bronze Horseman"]
[WhiteTeamCountry "RUS"]
[BlackTeamCountry "RUS"]

1. d4 d5 2. c4 c6 3. Nf3 Nf6 4. cxd5 cxd5 5. Nc3 Nc6 6. Bf4 e6 7. e3 Bd6 8. Bg5 Be7 9. Bf4 Bd6 10. Bg5 Be7 11. Bf4 Bd6 1/2-1/2

[Event "RUS-chT Seniors final"]
[Site "Sochi"]
[Date "2016.05.07"]
[Round "6.3"]
[White "Blechzin, Igor"]
[Black "Deryagin, Aleksandr"]
[Result "1-0"]
[WhiteElo "2350"]
[BlackElo "1720"]
[PlyCount "45"]
[EventDate "2016.05.01"]
[EventType "team-tourn"]
[EventRounds "9"]
[EventCountry "RUS"]
[SourceTitle "EXT 2018"]
[Source "ChessBase"]
[SourceDate "2017.10.13"]
[SourceVersion "1"]
[SourceVersionDate "2017.10.13"]
[SourceQuality "1"]
[WhiteTeam "St Petersburg Bronze Horseman"]
[BlackTeam "Khanty Mansiysk Yugra"]
[WhiteTeamCountry "RUS"]
[BlackTeamCountry "RUS"]

1. c4 e5 2. Nc3 Nf6 3. Nf3 d6 4. d4 exd4 5. Nxd4 Be7 6. e4 c6 7. Be2 0-0 8. Be3 b6 9. g4 Re8 10. g5 Nfd7 11. h4 Ne5 12. f4 Ng6 13. h5 Nf8 14. Qd2 Ne6 15. Nf5 Bf8 16. 0-0-0 d5 17. cxd5 cxd5 18. Nxd5 Bb7 19. h6 Nc6 20. hxg7 Bxg7 21. Nxg7 Kxg7 22. Qc3+ Ncd4 23. Bxd4+ 1-0

[Event "RUS-chT Seniors final"]
[Site "Sochi"]
[Date "2016.05.05"]
[Round "5.1"]
[White "Avedissian, Andre"]
[Black "Blechzin, Igor"]
[Result "0-1"]
[WhiteElo "1362"]
[BlackElo "2350"]
[PlyCount "102"]
[EventDate "2016.05.01"]
[EventType "team-tourn"]
[EventRounds "9"]
[EventCountry "RUS"]
[SourceTitle "EXT 2018"]
[Source "ChessBase"]
[SourceDate "2017.10.13"]
[SourceVersion "1"]
[SourceVersionDate "2017.10.13"]
[SourceQuality "1"]
[WhiteTeam "Sochi On a visit to us"]
[BlackTeam "St Petersburg Bronze Horseman"]
[WhiteTeamCountry "RUS"]
[BlackTeamCountry "RUS"]

1. e4 c5 2. Nf3 d6 3. d4 cxd4 4. Nxd4 Nf6 5. Nc3 a6 6. f3 e5 7. Nb3 Be6 8. Be3 Be7 9. Qd2 Nbd7 10. Bd3 b5 11. Nd5 Bxd5 12. exd5 Nb6 13. Be4 Nc4 14. Qc1 0-0 15. 0-0 Nh5 16. g3 f5 17. Bd3 f4 18. Bf2 fxg3 19. Bxg3 Bg5 20. Qe1 Nxb2 21. Be4 Nc4 22. a4 Qb6+ 23. Kh1 Rac8 24. axb5 axb5 25. Qe2 Rf6 26. Bf2 Be3 27. Bxe3 Nxe3 28. Rg1 Nf4 29. Qd2 Nh3 30. Rg3 Nc4 31. Rxg7+ Kxg7 32. Qg2+ Kf8 33. Qxh3 Qc7 34. Rg1 Re8 35. Bxh7 Qf7 36. Rg8+ Ke7 37. Rxe8+ Qxe8 38. Bf5 Qf8 39. Be4 Rh6 40. Qg4 Kd8 41. Qg5+ Kc7 42. Bf5 Rf6 43. Be4 Rf4 44. h3 Rf7 45. Kh2 Rg7 46. Qh4 Ne3 47. Qe1 Qf4+ 48. Kh1 Kd7 49. Qe2 Ke7 50. Qh2 Rg3 51. h4 Nf1 0-1

[Event "Nova Gorica op 21st"]
[Site "Nova Gorica"]
[Date "2016.01.31"]
[Round "5"]
[White "Zamar Kodelja, Jurij"]
[Black "Blechzin, Igor"]
[Result "0-1"]
[WhiteElo "2080"]
[BlackElo "2349"]
[PlyCount "60"]
[EventDate "2016.01.29"]
[EventType "swiss"]
[EventRounds "9"]
[EventCountry "SLO"]
[SourceTitle "CBM 170 Extra"]
[Source "ChessBase"]
[SourceDate "2016.02.25"]
[SourceVersion "1"]
[SourceVersionDate "2016.02.25"]
[SourceQuality "1"]

1. d4 Nf6 2. c4 g6 3. Nc3 Bg7 4. Nf3 0-0 5. g3 c5 6. d5 e6 7. Bg2 exd5 8. cxd5 d6 9. 0-0 a6 10. a4 Re8 11. Bf4 Ne4 12. Nxe4 Rxe4 13. Ra2 Bg4 14. h3 Bxf3 15. Bxf3 Re8 16. h4 Qc7 17. h5 Nd7 18. hxg6 hxg6 19. a5 Ne5 20. Bxe5 Bxe5 21. e3 Rab8 22. Be2 Qe7 23. Qa4 Bxg3 24. fxg3 Qxe3+ 25. Rf2 Qxg3+ 26. Kf1 Qh3+ 27. Kg1 Re5 28. Bf1 Qg3+ 29. Bg2 Re1+ 30. Rf1 Re2 0-1

[Event "Nova Gorica op 21st"]
[Site "Nova Gorica"]
[Date "2016.01.29"]
[Round "1"]
[White "Barbier, Astrid"]
[Black "Blechzin, Igor"]
[Result "0-1"]
[WhiteElo "1824"]
[BlackElo "2349"]
[PlyCount "64"]
[EventDate "2016.01.29"]
[EventType "swiss"]
[EventRounds "9"]
[EventCountry "SLO"]
[SourceTitle "CBM 170 Extra"]
[Source "ChessBase"]
[SourceDate "2016.02.25"]
[SourceVersion "1"]
[SourceVersionDate "2016.02.25"]
[SourceQuality "1"]

1. e4 c5 2. Nc3 Nc6 3. f4 d6 4. Nf3 Bg4 5. Bb5 g6 6. 0-0 Bg7 7. Qe1 Bxf3 8. Rxf3 Rc8 9. d3 a6 10. Bxc6+ Rxc6 11. Kh1 Nf6 12. f5 Nd7 13. Qh4 Ne5 14. Rh3 Kd7 15. Nd5 h6 16. Ne3 Kc8 17. Bd2 e6 18. Qg3 d5 19. fxg6 fxg6 20. exd5 exd5 21. Rf1 Rf8 22. Rxf8 Qxf8 23. Qe1 Rf6 24. Kg1 Qf7 25. Rg3 h5 26. Nd1 Ng4 27. c3 Re6 28. Qf1 Qxf1+ 29. Kxf1 Nxh2+ 30. Kg1 Re2 31. Rxg6 Be5 32. Re6 Ng4 0-1

[Event "Sitges Sunway op-A 2nd"]
[Site "Sitges"]
[Date "2015.12.19"]
[Round "8"]
[White "Blechzin, Igor"]
[Black "Demuth, Adrien"]
[Result "0-1"]
[WhiteElo "2350"]
[BlackElo "2537"]
[PlyCount "54"]
[EventDate "2015.12.13"]
[EventType "swiss"]
[EventRounds "9"]
[EventCountry "ESP"]
[SourceTitle "EXT 2017"]
[Source "ChessBase"]
[SourceDate "2016.10.25"]
[SourceVersion "1"]
[SourceVersionDate "2016.10.25"]
[SourceQuality "1"]

1. d4 Nf6 2. c4 e6 3. Nf3 d5 4. g3 Bb4+ 5. Bd2 a5 6. Bg2 dxc4 7. 0-0 0-0 8. Qc2 Bxd2 9. Nbxd2 b5 10. a4 c6 11. e4 Na6 12. e5 Nb4 13. Qb1 Nfd5 14. Ne4 h6 15. Qc1 Nd3 16. Qd2 Ba6 17. axb5 cxb5 18. Qxa5 b4 19. Qa2 c3 20. bxc3 bxc3 21. Rfd1 N5b4 22. Qb3 c2 23. Rf1 Bb7 24. Nd6 Rxa1 25. Rxa1 Qa8 26. Qc3 Qxa1+ 27. Qxa1 Bxf3 0-1

[Event "Sitges Sunway op-A 2nd"]
[Site "Sitges"]
[Date "2015.12.14"]
[Round "3"]
[White "Louis, Thibault"]
[Black "Blechzin, Igor"]
[Result "1/2-1/2"]
[WhiteElo "2244"]
[BlackElo "2350"]
[PlyCount "39"]
[EventDate "2015.12.13"]
[EventType "swiss"]
[EventRounds "9"]
[EventCountry "ESP"]
[SourceTitle "EXT 2017"]
[Source "ChessBase"]
[SourceDate "2016.10.25"]
[SourceVersion "1"]
[SourceVersionDate "2016.10.25"]
[SourceQuality "1"]

1. e4 c5 2. Nc3 Nc6 3. Bb5 g6 4. Bxc6 bxc6 5. d3 Bg7 6. f4 d6 7. Nf3 Nf6 8. 0-0 Bg4 9. Qe1 Bxf3 10. Rxf3 0-0 11. b3 Ne8 12. Bb2 Nc7 13. Na4 Bxb2 14. Nxb2 e6 15. Kh1 Ne8 16. Qe3 f6 17. Raf1 Nc7 18. a4 Qe7 19. Qe1 e5 20. fxe5 1/2-1/2

[Event "Sitges Sunway op-A 2nd"]
[Site "Sitges"]
[Date "2015.12.13"]
[Round "2"]
[White "Blechzin, Igor"]
[Black "Agrest, Evgenij"]
[Result "1/2-1/2"]
[WhiteElo "2350"]
[BlackElo "2593"]
[PlyCount "72"]
[EventDate "2015.12.13"]
[EventType "swiss"]
[EventRounds "9"]
[EventCountry "ESP"]
[SourceTitle "EXT 2017"]
[Source "ChessBase"]
[SourceDate "2016.10.25"]
[SourceVersion "1"]
[SourceVersionDate "2016.10.25"]
[SourceQuality "1"]

1. Nf3 d5 2. c4 c6 3. Qc2 Nf6 4. g3 Bg4 5. Bg2 Nbd7 6. d4 e6 7. 0-0 Be7 8. Nbd2 Bf5 9. Qb3 Qb6 10. Nh4 Bg4 11. Qd3 Rd8 12. cxd5 cxd5 13. Nb3 Nb8 14. h3 Bh5 15. g4 Bg6 16. Nxg6 hxg6 17. Bf4 Bd6 18. e3 Bxf4 19. exf4 Qd6 20. Qg3 Nc6 21. Rfe1 0-0 22. Nc5 Rc8 23. Nb3 a5 24. Rad1 b6 25. Nc1 Rc7 26. Ne2 Ne7 27. Nc3 Rcc8 28. a3 Ne8 29. Bf1 Qb8 30. Bd3 Nd6 31. Re2 Rc6 32. a4 Rd8 33. Rde1 Nc4 34. Bb1 Nd6 35. Bd3 Nc4 36. Bb1 Nd6 1/2-1/2

[Event "Les Diablerets op"]
[Site "Les Diablerets"]
[Date "2015.07.03"]
[Round "1"]
[White "Bonino, Matteo"]
[Black "Blechzin, Igor"]
[Result "0-1"]
[WhiteElo "1830"]
[BlackElo "2356"]
[PlyCount "130"]
[EventDate "2015.07.03"]
[EventType "swiss"]
[EventRounds "5"]
[EventCountry "SUI"]
[SourceTitle "CBM 167 Extra"]
[Source "ChessBase"]
[SourceDate "2015.09.14"]
[SourceVersion "1"]
[SourceVersionDate "2015.09.14"]
[SourceQuality "1"]

1. d4 Nf6 2. Bf4 c5 3. e3 Qb6 4. Nc3 g6 5. Nf3 Bg7 6. Be2 d6 7. 0-0 0-0 8. Nb5 a6 9. Na3 Nbd7 10. Nc4 Qc7 11. a4 b6 12. c3 Bb7 13. Ncd2 Rad8 14. h3 e5 15. Bh2 Rfe8 16. Qb3 Qc6 17. Rac1 e4 18. Ne1 d5 19. Nc2 Nf8 20. c4 Ne6 21. Be5 Ng5 22. cxd5 Nxd5 23. Bxg7 Kxg7 24. dxc5 Qxc5 25. Nd4 Qe7 26. Nc6 Bxc6 27. Rxc6 Qd7 28. Rc2 Nxh3+ 29. gxh3 Qxh3 30. Nc4 Kg8 31. f4 b5 32. axb5 axb5 33. Qxb5 Nxe3 34. Nxe3 Qxe3+ 35. Rf2 Qg3+ 36. Kf1 e3 37. Rg2 Qxf4+ 38. Kg1 Re5 39. Qc4 Re4 40. Qc3 Red4 41. Rc1 Rd2 42. Rf1 Qd4 43. Qxd4 R8xd4 44. b3 f5 45. Rxf5 Rxe2 46. Rxe2 gxf5 47. Rxe3 Kf7 48. Kf2 Kf6 49. Rh3 Kg6 50. Rc3 h5 51. Rf3 Kg5 52. Rg3+ Rg4 53. Rc3 h4 54. Rh3 Rd4 55. Rc3 Kg4 56. Re3 Rd2+ 57. Kg1 Rb2 58. Rc3 f4 59. Rd3 Kf5 60. Rh3 Ke4 61. Rxh4 Ke3 62. Rh3+ f3 63. Rh8 Rb1+ 64. Kh2 f2 65. Re8+ Kd4 0-1

[Event "Palma de Mallorca Amic op 1st"]
[Site "Palma de Mallorca"]
[Date "2015.03.28"]
[Round "8"]
[White "Ochsner, Bjorn Moller"]
[Black "Blechzin, Igor"]
[Result "1-0"]
[WhiteElo "2359"]
[BlackElo "2354"]
[PlyCount "53"]
[EventDate "2015.03.22"]
[EventType "swiss"]
[EventRounds "9"]
[EventCountry "ESP"]
[SourceTitle "CBM 165 Extra"]
[Source "ChessBase"]
[SourceDate "2015.04.21"]
[SourceVersion "1"]
[SourceVersionDate "2015.04.21"]
[SourceQuality "1"]

1. e4 c5 2. Nf3 d6 3. d4 cxd4 4. Nxd4 Nf6 5. Nc3 g6 6. Be3 Bg7 7. f3 Nc6 8. Qd2 0-0 9. 0-0-0 Bd7 10. Kb1 Ne5 11. h4 Rc8 12. Bh6 Bh8 13. Bxf8 Kxf8 14. h5 Nxh5 15. g4 Nxf3 16. Nxf3 Bxg4 17. Qg2 Rxc3 18. Qxg4 Nf6 19. Qf4 Qb6 20. e5 Nh5 21. Rxh5 gxh5 22. Ng5 f6 23. exf6 exf6 24. Nxh7+ Ke7 25. Qe4+ Kd7 26. Nf8+ Kd8 27. Qe6 1-0